000 006130000a22001810004500
003 MACL
005 20160604133130.0
008 160604b xxu||||| |||| 00| 0 eng d
040 _aMACL
_cMACL
041 _aHindi
082 _a910
100 _aडॉ शास्‍त्री, वेदप्रकाश
_956950
245 _aभारत दर्शन
_cडॉ वेदप्रकाश शास्‍त्री
260 _bहेरिटेज पब्लिशिंग हाउस
_c250
_aदिल्‍ली
350 _a2004
650 _aTravel
_962377
942 _cHIN
_k910
_2ddc
999 _c11066
_d11066